Apparatus / (Record no. 1197)

MARC details
000 -LEADER
campo de control de longitud fija 00829nam a22002177a 4500
008 - DATOS DE LONGITUD FIJA--INFORMACIÓN GENERAL
campo de control de longitud fija 170614s2016 mx||||| |||| 00| 0 eng d
082 04 - NÚMERO DE LA CLASIFICACIÓN DECIMAL DEWEY
Número de clasificación 701.18
Número de ítem C521a
110 1# - ENTRADA PRINCIPAL--NOMBRE DE ENTIDAD CORPORATIVA
Nombre de entidad corporativa o nombre de jurisdicción como elemento de entrada Cooperativa Cráter Invertido.
9 (RLIN) 5137
245 10 - MENCIÓN DEL TÍTULO
Título Apparatus /
Mención de responsabilidad, etc. Cooperativa Cráter Invertido.
250 ## - MENCION DE EDICION
Mención de edición 1a ed.
260 ## - PUBLICACIÓN, DISTRIBUCIÓN, ETC.
Lugar de publicación, distribución, etc. México :
Nombre del editor, distribuidor, etc. Cooperativa Cráter Invertido,
Fecha de publicación, distribución, etc. 2016.
300 ## - DESCRIPCIÓN FÍSICA
Extensión 204 páginas.
500 ## - NOTA GENERAL
Nota general Publicado como parte del proyecto "Territories", creado por 6 organizaciones que forman parte de Artscollaboratory Ecosystem. El texto también se encuentra en idioma ruso.
653 10 - TÉRMINO DE INDIZACIÓN--NO CONTROLADO
Término no controlado Arte contemporáneo
653 10 - TÉRMINO DE INDIZACIÓN--NO CONTROLADO
Término no controlado Arte - Crítica y apreciación
653 10 - TÉRMINO DE INDIZACIÓN--NO CONTROLADO
Término no controlado Ensayos
653 10 - TÉRMINO DE INDIZACIÓN--NO CONTROLADO
Término no controlado Arte - Instituciones gubernamentales
653 10 - TÉRMINO DE INDIZACIÓN--NO CONTROLADO
Término no controlado Arte y educación
653 10 - TÉRMINO DE INDIZACIÓN--NO CONTROLADO
Término no controlado Arte - Estado (Gobierno)
653 10 - TÉRMINO DE INDIZACIÓN--NO CONTROLADO
Término no controlado Arte colaborativo
Holdings
Estatus retirado Estado de pérdida Fuente del sistema de clasificación o colocación Estado de daño No para préstamo Biblioteca de origen Biblioteca actual Ubicación en estantería Fecha de adquisición Total de préstamos Signatura topográfica completa Código de barras Visto por última vez Precio de reemplazo Tipo de ítem Koha
    Clasificación Decimal Dewey     Biblioteca LadoV Biblioteca LadoV   14/06/2017   701.18 C521a 004345 14/06/2017 14/06/2017 Material 01